Biologie végétale :plantes supérieures : appareil reproducteur (Record no. 40992)
[ view plain ]
| 000 -LEADER | |
|---|---|
| fixed length control field | 00655 a2200277 4500 |
| 037 ## - SOURCE OF ACQUISITION | |
| Source of stock number/acquisition | CIUF |
| 037 ## - SOURCE OF ACQUISITION | |
| Stock number | S 8436 |
| 037 ## - SOURCE OF ACQUISITION | |
| Stock number | S 8437 |
| 020 ## - NUMERO INTERNATIONAL NORMALISE DES LIVRES | |
| International Standard Book Number | 2-225-85446-7 |
| 100 ## - VEDETTE PRINCIPALE - NOM DE PERSONNE | |
| Personal name | Gorenflot, Robert |
| 100 ## - VEDETTE PRINCIPALE - NOM DE PERSONNE | |
| Language of a work | Fr |
| 260 ## - PUBLICATION, DISTRIBUTION, ETC. (IMPRINT) | |
| Place of publication, distribution, etc | Paris |
| 260 ## - PUBLICATION, DISTRIBUTION, ETC. (IMPRINT) | |
| Name of publisher, distributor, etc | Masson |
| 245 ## - TITLE STATEMENT | |
| Title | Biologie végétale :plantes supérieures : appareil reproducteur |
| 260 ## - PUBLICATION, DISTRIBUTION, ETC. (IMPRINT) | |
| Date of publication, distribution, etc | 1997 |
| 250 ## - EDITION STATEMENT | |
| Edition statement | 4èm.éd. |
| 300 ## - PHYSICAL DESCRIPTION | |
| Extent | 278p. |
| 300 ## - PHYSICAL DESCRIPTION | |
| Other physical details | 24cm. |
| 440 ## - SERIES STATEMENT/ADDED ENTRY--TITLE | |
| Title | Enseignement des Sciences de la vie |
| 440 ## - SERIES STATEMENT/ADDED ENTRY--TITLE | |
| International Standard Serial Number | 1240-1714 |
| 630 ## - SUBJECT ADDED ENTRY--UNIFORM TITLE | |
| Uniform title | 58 - Botanique |
| 650 ## - SUBJECT ADDED ENTRY--TOPICAL TERM | |
| Topical term or geographic name as entry element | 5 - SCIENCES EXACTES ET NATURELLES |
| 650 ## - SUBJECT ADDED ENTRY--TOPICAL TERM | |
| Topical term or geographic name as entry element | Biologie végétale |
| Withdrawn status | Lost status | Damaged status | Not for loan | Location (home branch) | Sublocation or collection (holding branch) | Date acquired | Koha issues (times borrowed) | Koha full call number | Koha date last seen | Price effective from | Koha item type |
|---|---|---|---|---|---|---|---|---|---|---|---|
| Bibliothèque Universitaire Centrale | Bibliothèque Universitaire Centrale | 28/02/2009 | 581.5 GOR | 28/02/2009 | 28/02/2009 | Livre |